Noem de grootste en bekendste steden en plaatsen in Gelderland - Statistieken

Algemene statistieken
  • Deze quiz is 11 keer genomen
  • De gemiddelde score is 13 van 34
Antwoordstatistieken
Antwoord % Correct
Arnhem
100%
Nijmegen
90%
Harderwijk
80%
Ede
70%
Wageningen
70%
Barneveld
60%
Doetinchem
60%
Tiel
60%
Zutphen
60%
Epe
50%
Epe
50%
Nunspeet
50%
Wijchen
50%
Winterswijk
50%
Culemborg
30%
Doesburg
30%
Duiven
30%
Ermelo
30%
Geldermalsen
30%
Nijkerk
30%
Zaltbommel
30%
Zevenaar
30%
Bennekom
20%
Lochem
20%
Putten
20%
Renkum
20%
Aalten
10%
Druten
10%
Elburg
10%
Lichtenvoorde
10%
Eibergen
0%
Kesteren
0%
Varsseveld
0%
Wezep
0%
Geen overeenkomende quizzen gevonden
Scoreverdeling
Procent van Mensen met Elke Score
Percentiel versus Aantal Correcte Antwoorden
Uw Scoregeschiedenis
U heeft deze quiz nog niet genomen